The evening and the morning / (Record no. 3522)

MARC details
000 -LEADER
fixed length control field 01984cam a2200181 i 4500
008 - FIXED-LENGTH DATA ELEMENTS--GENERAL INFORMATION
fixed length control field 191118s2020 nyuab 000 1 eng
020 ## - INTERNATIONAL STANDARD BOOK NUMBER
ISBN 9780525954989
100 1# - MAIN ENTRY--AUTHOR
Author Follett, Ken,
245 14 - TITLE STATEMENT
Title The evening and the morning /
Statement of responsibility, etc Ken Follett ; [maps by Daren Cook].
260 ## - PUBLICATION, DISTRIBUTION, ETC. (IMPRINT)
Place of publication New York
Name of publisher Viking
Date of publication 2020
300 ## - COLLATION
Pagination 913 pages :
Other physical details illustrations, maps ;
520 ## - SUMMARY, ETC.
Summary, etc "It is 997 CE, the end of the Dark Ages. England is facing attacks from the Welsh in the west and the Vikings in the east. Those in power bend justice according to their will, regardless of ordinary people and often in conflict with the king. Without a clear rule of law, chaos reigns. In these turbulent times, three characters find their lives intertwined: A young boatbuilder's life is turned upside down when the only home he's ever known is raided by Vikings, forcing him and his family to move and start their lives anew in a small hamlet where he does not fit in. . . . A Norman noblewoman marries for love, following her husband across the sea to a new land. But the customs of her husband's homeland are shockingly different, and as she begins to realize that everyone around her is engaged in a constant, brutal battle for power, it becomes clear that a single misstep could be catastrophic. . . . A monk dreams of transforming his humble abbey into a center of learning that will be admired throughout Europe. And each in turn comes into dangerous conflict with a clever and ruthless bishop who will do anything to increase his wealth and power. Thirty years ago, Ken Follett published his most popular novel, The Pillars of the Earth. Now, Follett's masterful new prequel The Evening and the Morning takes us on an epic journey into a historical past rich with ambition and rivalry, death and birth, love and hate, that will end where The Pillars of the Earth begins"--
650 ## - TRACINGS
Main Subject Historical Fiction
700 1# - ADDITIONAL AUTHOR
Additional Author Cook, Darren,
942 ## - ADDED ENTRY ELEMENTS (KOHA)
Item type Books
050 00 - LIBRARY OF CONGRESS CALL NUMBER
Classification number PR6056.O45
Item number .E88 2020
082 00 - DEWEY DECIMAL CLASSIFICATION NUMBER
Classification number 823/.914
Holdings
Source of classification or shelving scheme Not for loan Permanent location Current location Date acquired Accession No. Full call number Barcode. Koha item type
Library of Congress Classification   Samuel Ogbemudia Main Library, University of Abuja Samuel Ogbemudia Main Library, University of Abuja 05/15/2025 2024/64038 PR6056.O45.E88 2025-1995 Books